00624nam a2200205 a 450000100060000000300090000600800410001502000150005604000280007104100120009908200120011124500300012324600680015326000410022130000240026249000580028650000180034452100190036265000370038126753CO-ViMGA141112s2004 ck r 000 u spa d a9806437314 aCO-ViMGAbspacCO-ViMGA aspa fre04a577 O6310aLos orígenes de la vida aLos orígenes de la vida : experimentos fáciles y divertidos aMaracay : bPlayco Editores, cc2002 a83 p. : il. ; 18 cm aCiencia de bolsillo. Los pequeños científicos ; 7 a8 a 12 años a8 - 12 años.14aOrigen de la vida - Experimentos